000 00311nam a2200121Ia 4500
008 190216s9999||||xx |||||||||||||| ||und||
100 _aNaidu Pmn
245 0 _aPoultry Keeping In India
260 _bIndian Council Og Agri Research
_c1967
300 _a242p
650 _aPoultry Keeping In India
942 _cREF
999 _c35236
_d35236